000 00297nam a2200145Ia 4500
100 _aMahajan/Sunita/ Shah/Seema
942 _cBK
366 _f20
245 _aDistributed Computing
260 _bOxford
_c2010
082 _bMAH
300 _a598
546 _aENGLISH
_cComputers
999 _c35454
_d35454